[Event "SVK-chT3B2 1920"]
[Site "Slovakia"]
[Date "2020.06.28"]
[Round "11.2"]
[White "Slotik, Igor"]
[Black "Chlebana, Dusan"]
[Result "1-0"]
[WhiteElo "1920"]
[BlackElo "1557"]
[PlyCount "45"]
[EventDate "2019.10.06"]
[EventType "team-tourn"]
[EventRounds "11"]
[EventCountry "SVK"]
[SourceTitle "EXT 2022"]
[Source "ChessBase"]
[SourceDate "2021.10.06"]
[SourceVersion "1"]
[SourceVersionDate "2021.10.06"]
[SourceQuality "1"]
[WhiteTeam "Dubnica nad Vahom IV"]
[BlackTeam "Nemsova Horne Srnie II"]
[WhiteTeamCountry "SVK"]
[BlackTeamCountry "SVK"]

1. e4 c5 2. Nf3 Nc6 3. d4 cxd4 4. Nxd4 Nf6 5. Nc3 e5 6. Ndb5 d6 7. Nd5 Qa5+ 8. Bd2 Qd8 9. Nbc7+ Kd7 10. Nxa8 Nxd5 11. exd5 Nb8 12. Qg4+ Ke8 13. Qc4 Na6 14. Qb5+ Ke7 15. Ba5 b6 16. Nxb6 axb6 17. Bxb6 Qd7 18. Qxd7+ Bxd7 19. Bxa6 f5 20. h4 g6 21. a4 Bh6 22. a5 Ra8 23. Bb7 1-0

[Event "SVK-chT3B2 1920"]
[Site "Slovakia"]
[Date "2020.02.09"]
[Round "8.2"]
[White "Alexy, Peter"]
[Black "Slotik, Igor"]
[Result "1/2-1/2"]
[WhiteElo "1895"]
[BlackElo "1920"]
[PlyCount "112"]
[EventDate "2019.10.06"]
[EventType "team-tourn"]
[EventRounds "11"]
[EventCountry "SVK"]
[SourceTitle "CBM 195 Extra"]
[Source "ChessBase"]
[SourceDate "2020.05.31"]
[SourceVersion "1"]
[SourceVersionDate "2020.05.31"]
[SourceQuality "1"]
[WhiteTeam "Chynorany"]
[BlackTeam "Dubnica nad Vahom IV"]
[WhiteTeamCountry "SVK"]
[BlackTeamCountry "SVK"]

1. e4 c5 2. Nc3 Nc6 3. g3 Nf6 4. Bg2 e6 5. d3 a6 6. a4 Be7 7. Bf4 d5 8. Nf3 d4 9. Ne2 Nd7 10. 0-0 e5 11. Bd2 0-0 12. Ne1 f5 13. exf5 Rxf5 14. g4 Rf8 15. Ng3 Nf6 16. h3 Nd5 17. Ne4 Be6 18. Nf3 Nf4 19. Bxf4 Rxf4 20. Qd2 Qf8 21. Qe2 Bd5 22. Nfd2 Kh8 23. Ng3 Bxg2 24. Kxg2 Re8 25. Nde4 b6 26. c3 Qf7 27. Nh5 Rf8 28. c4 Bh4 29. f3 Qc7 30. Nxf4 Rxf4 31. Ng3 g6 32. Qd2 Nd8 33. Ne2 Rf7 34. f4 exf4 35. Nxf4 Qc6+ 36. Nd5 Qd6 37. Kh1 Qg3 38. Qg2 Qxd3 39. Nxb6 Qb3 40. a5 Kg7 41. Rxf7+ Nxf7 42. Rf1 Ne5 43. Nd5 Nxc4 44. Rc1 Bg5 45. Re1 Qxb2 46. Qg3 Qb7 47. Qc7+ Qxc7 48. Nxc7 Nxa5 49. Ne6+ Kf6 50. Nxc5 Be3 51. Ra1 Nc4 52. Rxa6+ Ke5 53. Kg2 Kd5 54. Nd3 Ke4 55. Nc5+ Kd5 56. Nd3 Ke4 1/2-1/2

[Event "SVK-chT3B2 1819"]
[Site "Slovakia"]
[Date "2019.01.13"]
[Round "5.2"]
[White "Bielik, Peter"]
[Black "Slotik, Igor"]
[Result "1-0"]
[WhiteElo "1834"]
[BlackElo "1963"]
[PlyCount "49"]
[EventDate "2018.10.21"]
[EventType "team-tourn"]
[EventRounds "11"]
[EventCountry "SVK"]
[SourceTitle "CBM 189 Extra"]
[Source "ChessBase"]
[SourceDate "2019.06.03"]
[SourceVersion "1"]
[SourceVersionDate "2019.06.03"]
[SourceQuality "1"]
[WhiteTeam "Povazske Podhradie "]
[BlackTeam "Dubnica nad Vahom IV"]
[WhiteTeamCountry "SVK"]
[BlackTeamCountry "SVK"]

1. d4 d5 2. c4 e6 3. Nf3 Nf6 4. Bg5 c6 5. e3 dxc4 6. Bxf6 Qxf6 7. Bxc4 Nd7 8. 0-0 Bd6 9. Nc3 Qe7 10. e4 e5 11. d5 Nb6 12. Bb3 Bg4 13. h3 Bd7 14. Qd2 Bb4 15. Rad1 0-0 16. d6 Qf6 17. Qg5 Qxg5 18. Nxg5 Nc8 19. f4 exf4 20. Nxf7 Rxf7 21. Rxf4 Bc5+ 22. Kh1 Nxd6 23. Rxd6 Bxd6 24. Rxf7 Be8 25. Rd7+ 1-0

[Event "SVK-chT1W 1112"]
[Site "Slovakia"]
[Date "2012.03.03"]
[Round "10.8"]
[White "Pinter, Patrik"]
[Black "Slotik, Igor"]
[Result "1-0"]
[WhiteElo "2185"]
[BlackElo "1968"]
[PlyCount "71"]
[EventDate "2011.10.15"]
[EventType "team-tourn"]
[EventRounds "11"]
[EventCountry "SVK"]
[SourceTitle "EXT 2013"]
[Source "ChessBase"]
[SourceDate "2012.11.22"]
[SourceVersion "1"]
[SourceVersionDate "2012.11.22"]
[SourceQuality "1"]
[WhiteTeam "Nitra"]
[BlackTeam "Dubnica nad Vahom II"]
[WhiteTeamCountry "SVK"]
[BlackTeamCountry "SVK"]

1. e4 d5 2. exd5 Qxd5 3. Nc3 Qa5 4. d4 Nf6 5. Bc4 c6 6. Nge2 Bf5 7. Bd2 e6 8. Nd5 Qd8 9. Nxf6+ Qxf6 10. Be3 Bd6 11. Bb3 Be4 12. 0-0 Nd7 13. f3 Bf5 14. Qd2 Qh4 15. g3 Qe7 16. Rad1 Nf6 17. Bf4 Bxf4 18. Nxf4 b5 19. Rfe1 0-0 20. g4 Nxg4 21. fxg4 Bxg4 22. Ne2 c5 23. c3 Rfd8 24. Qf4 h5 25. Rd2 c4 26. Bc2 Rac8 27. Ng3 g6 28. Be4 e5 29. dxe5 Rxd2 30. Qxd2 Qxe5 31. Bd5 Qc7 32. Qg5 Qc5+ 33. Kg2 Bf5 34. Re5 Kf8 35. Nxf5 gxf5 36. Qf6 1-0

[Event "SVK-chT1W 0607"]
[Site "Slovakia"]
[Date "2006.12.02"]
[Round "5.3"]
[White "Slotik, Igor"]
[Black "Slacky, Stanislav"]
[Result "0-1"]
[WhiteElo "1976"]
[BlackElo "2041"]
[PlyCount "68"]
[EventDate "2006.10.07"]
[EventType "team-tourn"]
[EventRounds "11"]
[EventCountry "SVK"]
[SourceTitle "EXT 2008"]
[Source "ChessBase"]
[SourceDate "2007.11.25"]
[SourceVersion "1"]
[SourceVersionDate "2007.11.25"]
[SourceQuality "1"]
[WhiteTeam "Dubnica nad Vahom II"]
[BlackTeam "Trencin SK"]
[WhiteTeamCountry "SVK"]
[BlackTeamCountry "SVK"]

1. e4 Nf6 2. Nc3 d5 3. e5 Nfd7 4. Nf3 e6 5. d4 c5 6. Bf4 cxd4 7. Nxd4 Nc6 8. Nf3 Bb4 9. Be2 Qa5 10. Qd3 Nc5 11. Qe3 Ne4 12. 0-0 Nxc3 13. bxc3 Bxc3 14. Rab1 a6 15. Bg3 Ne7 16. h4 Nf5 17. Qg5 Bb4 18. h5 Be7 19. Qg4 h6 20. Bd3 0-0 21. Bh2 Qc5 22. Bf4 b5 23. g3 Kh8 24. Nh4 Nxh4 25. gxh4 Qd4 26. Kh1 f5 27. Qg3 Bd7 28. Rg1 Rg8 29. Kh2 Raf8 30. Kh3 Be8 31. Be2 g5 32. hxg6 Rxg6 33. Qh2 Rfg8 34. Be3 Qxh4# 0-1